000 00809cab a2200253 4500
001 WB3019-22
008 090401t1994 xxu||||| |||| 00| 0 eng d
035 _a(Sirsi) u53080
041 _aeng
245 _aBuying and selling property
260 _c1994
300 _aLOAN
350 _a0
490 _aDaily Telegraph
_v20 May 1994, 31(1)
520 _aLooks at the overall market situation, examining issues such as conveyancing fees and qualifications for estate agents.
650 _aCERTIFICATE OF PRACTICE IN ESTATE AGENCY
650 _aCAREERS, EDUCATION AND TRAINING
650 _aESTATE AGENCY
650 _aNATIONAL VOCATIONAL QUALIFICATIONS
650 _aQUALIFICATIONS
690 _aPROPERTY-RESIDENTIAL PROPERTY-RESIDENTIAL PROPERTY MARKET
942 _n0
948 _c04/03/1997
999 _c32743
_d32743